Filipinas : (Record no. 183824)

MARC details
000 -LEADER
campo de control de longitud fija 00521nam a2200157 i 4500
001 - NÚMERO DE CONTROL
campo de control 183824
003 - IDENTIFICADOR DE NÚMERO DE CONTROL
campo de control ES-MaACL
005 - FECHA Y HORA DE LA ÚLTIMA TRANSACCIÓN
campo de control 20230906221957.0
008 - DATOS DE LONGITUD FIJA--INFORMACIÓN GENERAL
campo de control de longitud fija 141021s1891 sp |||| | spa d
080 ## - NÚMERO DE LA CLASIFICACIÓN DECIMAL UNIVERSAL
Número de la Clasificación Decimal Universal 353.8(599)
245 00 - MENCIÓN DEL TÍTULO
Título Filipinas :
Resto del título problema fundamental /
Mención de responsabilidad, etc. por un español de larga residencia en aquellas islas.
260 ## - PUBLICACIÓN, DISTRIBUCIÓN, ETC.
Lugar de publicación, distribución, etc. [S.l.] :
Nombre del editor, distribuidor, etc. [s.n.],
Fecha de publicación, distribución, etc. 1891 (
Lugar de fabricación/manufactura Madrid :
Fabricante Imp. de Luis Aguado)
300 ## - DESCRIPCIÓN FÍSICA
Extensión 60 p. ;
Dimensiones 22 cm.
651 #4 - PUNTO DE ACCESO ADICIONAL DE MATERIA--NOMBRE GEOGRÁFICO
Nombre geográfico Filipinas-
Subdivisión general Administración-
Subdivisión cronológica S.XIX.
9 (RLIN) 8653
852 ## - LOCALIZACIÓN
Ubicación ES-MaACL
Número de control de estantería T-577-F-7
Holdings
Estatus retirado Estado de pérdida Estado de daño No para préstamo Colección Biblioteca de origen Biblioteca actual Ubicación en estantería Fecha de adquisición Fuente de adquisición Total de préstamos Signatura topográfica completa Código de barras Visto por última vez Precio de reemplazo Tipo de ítem Koha
        Colección de folletos Biblioteca del Ateneo de Madrid Biblioteca del Ateneo de Madrid Depósito folletos 21/10/2014     T-577-F-7 1193269 23/02/2023 23/02/2023 Folleto